Çakal/ (Record no. 13889)

MARC details
000 -BAŞLIK
Sabit Uzunlukta Kontrol Alanı 00609nam a2200205 4500
999 ## - SİSTEM KONTROL NUMARALARI (KOHA)
Koha Biblionumber 13889
Koha Biblioitemnumber 13889
003 - KONTROL NUMARASI IDENTIFIER
Denetim Alanı MIRAKIL
005 - SON İŞLEM TARİHİ VE ZAMANI
Denetim Alanı 20200814112902.0
008 - SABİT-BOY VERİ ELEMANLARI - GENEL BİLGİLER
Sabit Uzunlukta Kontrol Alanı 200814b tu ||||| |||| 00| 0 tur d
040 ## - KATALOGLAMA KAYNAK
Orijinal Kataloglama Ajansı TR-AnCHP
Metne Dönüştürmek Ajansı TR-AnCHP
041 ## - DİL KODU
Metin / Ses Parça Veya Ayrı Başlığın Dil Kodu tur
082 ## - DEWEY ONLU SINIFLANDIRMA NUMARASI
Sınıflandırma Numarası 823.92
Ürün Numarası F66ç 1975
100 ## - ANA GİRİŞ - KİŞİSEL İSİM
Kişisel Ad Forsyth, Frederic
245 10 - BAŞLIK TABLOSU
Başlık Çakal/
Sorumluluk Tablosu, Vb rederic Forsyth ; Türkçesi : Sermet Puza
260 ## - YAYIN, DAĞITIM, VB
Yayın, Dağıtım, Vb Yeri İstanbul:
Yayıncı, Dağıtıcı, Vs Adı E yayınları
Yayın, Dağıtım, Vb Tarihi 1975.
300 ## - FİZİKSEL TANIM
Kapsam 414 s.:
Boyutlar 20 sm.
490 0# - SERİSİ TABLOSU
Seri Beyanı E yayınları;
-- Dolu dizgin dizisi;
Hacim / Ardışık Tanımı 70.
-- 14.
650 #0 - KONU KATMA GİRİŞ - TOPİKAL DÖNEM
9 (RLIN) 5124
Topikal Süreli Veya Coğrafi Ad Giriş Elemanı İngiliz edebiyatı
Genel Alt Bölümü Roman
700 ## - KATMA GİRİŞ - KİŞİSEL İSİM
9 (RLIN) 6384
Kişisel Ad Puza, Sermet
Relator Terim çev.
942 ## - EKLENDİ GİRİŞ ELEMANLARI (KOHA)
Sınıflandırma Veya Raf Düzeni Kaynak Dewey Decimal Classification
Koha Öğesi Türü Books
Holdings
Kalıcı Konum Mevcut Konum Edinme Tarihi Toplam Check-Out'Lar Tam Çağrı Numarası Barkod Tarih Son Görülme Tarihi Geçen Teslim İtibaren Geçerli Fiyatlar Sigara Kamu Notu Koha Öğesi Türü
CHP Kütüphanesi CHP Kütüphanesi 08/14/2020 1 823.92 F66ç 1975 019350 01/13/2021 11/25/2020 08/14/2020 Emine Başak Alkan Bağışıdır. Books